000244181 001__ 244181
000244181 005__ 20230208174153.0
000244181 0247_ $$2CORDIS$$aG:(EU-Grant)893917$$d893917
000244181 0247_ $$2CORDIS$$aG:(EU-Call)H2020-SESAR-2019-2$$dH2020-SESAR-2019-2
000244181 0247_ $$2originalID$$acorda__h2020::893917
000244181 035__ $$aG:(EU-Grant)893917
000244181 150__ $$aEvaluation of 5G Network and mmWave Radar Sensors to Enhance Surveillance of the Airport Surface$$y2020-11-01 - 2022-12-31
000244181 372__ $$aH2020-SESAR-2019-2$$s2020-11-01$$t2022-12-31
000244181 450__ $$aNewSense$$wd$$y2020-11-01 - 2022-12-31
000244181 5101_ $$0I:(DE-588b)5098525-5$$2CORDIS$$aEuropean Union
000244181 680__ $$aNewSense is a research and development project that aims at improving safety and efficiency of operations primarily in secondary airports with innovative low-cost surface surveillance solutions, based on 5G cellular networks for the long term, and mmWave radar for the medium term, allowing the implementation of affordable Advanced-Surface Movement Guidance and Control Systems (A-SMGCS).
000244181 909CO $$ooai:juser.fz-juelich.de:900621$$pauthority$$pauthority:GRANT
000244181 909CO $$ooai:juser.fz-juelich.de:900621
000244181 980__ $$aG
000244181 980__ $$aCORDIS
000244181 980__ $$aAUTHORITY